000
00209 a2200097 4500
001
26002
100
_a
Magnus K
245
_a
Dynamics of multi body systems
260
_a
_b
Springer
_c
090
_c
17597
_d
17597
942
_a
NUST-CAE
_c
M
_c
8443
999
_c
261075
_d
261075